| 000 | 00764cam a22002531 4500 | ||
|---|---|---|---|
| 001 | 19616 | ||
| 003 | BD-RjUL | ||
| 005 | 20211209000444.0 | ||
| 008 | 740730s1963 njuac b 000 0 eng | ||
| 035 | _a(BD-RjUL)19676 | ||
| 035 | _a(OCoLC)967709 | ||
| 040 |
_aDLC _cOTU _dOCoLC _dDLC _dBD-RjUL _beng |
||
| 041 | _aeng | ||
| 082 | 0 | 0 |
_a796.41 _bDEH 1963 |
| 100 | 1 |
_aDe Carlo, Thomas J. _q(Thomas Joseph), _d1932- _960262 |
|
| 245 | 1 | 0 |
_aHandbook of progressive gymnastics / _cTom De Carlo. |
| 260 |
_aEnglewood Cliffs, N.J. : _bPrentice-Hall, _cc1963. |
||
| 300 |
_axvi, 240 p. : _billus., ports., diagrs. ; _c26 cm. |
||
| 504 | _aBibliography: p. 233-234. | ||
| 650 | 0 |
_aGymnastics. _960263 |
|
| 942 |
_2ddc _cBK |
||
| 999 |
_c19616 _d19616 |
||